00486cam a2200157 a 450000500170000000800410001702000150005805000240007310000240009724500540012125000110017526000360018630000280022250400210025065100570027120160415135715.0031007s2001 xxka 000 0 eng u a184013423204aDD256 .5 bA35 20011 aAilsby, Christopher14aThe Third Reich day by day /cChristopher Ailsby. a1a ed. aLondon :bGrange Books, c2001. a192 p. :bil. ;c29 cm. aIncluye índice 72LEMBaAlemania xHistoria y1933-1945 xCronología